The outlaw state : Saddam Hussein's quest for power and the Gulf crisis /

Bibliographic Details
Main Author: Sciolino, Elaine
Format: Book
Language:English
Published: New York : Wiley, [1991]
Subjects:

MARC

Tag First Indicator Second Indicator Subfields
LEADER 00000cam a2200000 a 4500
001 in00001018024
005 20150928092018.0
008 910322s1991 nyua b 00110 eng
010 |a  91012940  
020 |a 0471542997 (cl.) :  |c $22.95 (est.) 
035 |a (OCoLC)23584115 
035 |9 AFE6508AM 
040 |a DLC  |c DLC  |d UtOrBLW 
043 |a ap-----  |a a-iq--- 
049 |a TXAM 
050 0 0 |a DS79.7  |b .S25 1991 
082 0 0 |a 956.704/3  |2 20 
100 1 |a Sciolino, Elaine. 
245 1 4 |a The outlaw state :  |b Saddam Hussein's quest for power and the Gulf crisis /  |c Elaine Sciolino. 
264 1 |a New York :  |b Wiley,  |c [1991] 
264 4 |c ©1991 
300 |a 320 pages :  |b illustrations ;  |c 25 cm. 
336 |a text  |b txt  |2 rdacontent 
337 |a unmediated  |b n  |2 rdamedia 
338 |a volume  |b nc  |2 rdacarrier 
504 |a Includes bibliographical references (pages [303]-308) and index. 
651 0 |a Iraq  |x Politics and government. 
600 1 0 |a Hussein, Saddam,  |d 1937-2006. 
650 0 |a Persian Gulf War, 1991. 
999 |a MARS 
999 f f |s caf1b485-9dfd-3959-9aac-7e442a5b47fe  |i 54edbe0c-a5cc-3495-aa6c-d462d4f14102  |t 0 
952 f f |p normal  |a Texas A&M University  |b College Station  |c Sterling C. Evans Library  |d Evans: Library Stacks  |t 0  |e DS79.7 .S25 1991  |h Library of Congress classification  |i unmediated -- volume  |m A14814966370 
998 f f |a DS79.7 .S25 1991  |t 0  |l Evans: Library Stacks